| 000 | 00000nam##2200000za#4500 |
| 001 | 9.691504 |
| 003 | CaOODSP |
| 005 | 20210624232809 |
| 007 | cr ||||||||||| |
| 008 | 150407|2007||||xxc|||||o f|0| 0 eng|d |
| 020 | |a978-1-100-10950-3 |
| 040 | |aCaOODSP|beng |
| 043 | |an-cn--- |
| 086 | 1 |aA52-128/2007E-PDF |
| 110 | 1 |aCanada. |bAgriculture and Agri-Food Canada. |
| 245 | 12|aA raw apple juice that doesn't turn brown! |h[electronic resource] |
| 260 | |aOttawa - Ontario : |bAgriculture and Agri-Food Canada |cc2007. |
| 300 | |a2p.|bfig., photographs |
| 590 | |a10-10-Supp|b2010-11-09 |
| 690 | 07|aApples|2gcpds |
| 690 | 07|aFood processing|2gcpds |
| 775 | 08|tUn jus de pomme brut, mais pâle! |w(CaOODSP)9.635832 |
| 856 | 40|ahttp://publications.gc.ca|qPDF|s259 KB|uhttps://publications.gc.ca/collections/collection_2009/agr/A52-128-2007E.pdf |
| 986 | |aAAFC No. 10247E |